|
|
|
|
| LEADER |
01372nam a2200349 4500 |
| 001 |
000015639 |
| 003 |
12022 |
| 005 |
20120904090959.0 |
| 008 |
120531s2007 viesd |
| 020 |
|
|
|c 13200
|
| 041 |
0 |
|
|a vie
|
| 082 |
|
|
|a 495.9225
|b DI-B
|
| 100 |
0 |
|
|a Diệp Quang Ban
|
| 245 |
1 |
0 |
|a Ngữ pháp tiếng Việt
|b Đã được hội đồng thẩm định sách của Bộ giáo dục và Đào tạo giới thiệu làm sách dùng chung cho các trường Đại học sư phạm
|c Diệp Quang Ban; Hoàng Văn Thung
|n Tập 1
|
| 250 |
|
|
|a Tái bản lần thứ 11
|
| 260 |
|
|
|a H.
|b Giáo dục
|c 2007
|
| 300 |
|
|
|a 164 tr.
|c 21 cm.
|
| 500 |
|
|
|a ĐTTS ghi: Sách đại học Sư phạm
|
| 700 |
|
|
|a Diệp Quang Ban
|e chủ biên
|
| 700 |
|
|
|a Hoàng Văn Thung
|
| 773 |
|
|
|t Ngữ pháp tiếng Việt
|w 12017
|
| 773 |
|
|
|d Nxb. Giáo dục
|d H.
|t Ngữ pháp tiếng Việt
|w 12734
|
| OWN |
|
|
|a LSP
|
| AVA |
|
|
|a UDN50
|b LSP
|d 495.9225 DI-B
|e check_holdings
|t Error 5003 Not defined in file expand_doc_bib_avail.
|h N
|k 1
|
| 999 |
|
|
|a From the UDN01
|
| AVA |
|
|
|a UDN50
|b LSP
|d 495.9225 DI-B
|e available
|t Error 5001 Not defined in file expand_doc_bib_avail.
|f 91
|g 0
|h N
|i 47
|k 1
|
| TYP |
|
|
|a Monograph
|
| TYP |
|
|
|a Printed language
|
| 980 |
|
|
|a Mạng thư viện Đại học Đà Nẵng
|